| 000 | 00522 a2200181 4500 | ||
|---|---|---|---|
| 003 | OSt | ||
| 005 | 20230826154304.0 | ||
| 008 | 230826b |||||||| |||| 00| 0 eng d | ||
| 020 | _a9789357059619 | ||
| 040 | _coclc | ||
| 082 |
_a658.872 _bBHA/F |
||
| 100 |
_aBhatia, Puneet Singh _99373 |
||
| 245 |
_aFUNDAMENTALS OF DIGITAL MARKETING / _cPuneet Singh Bhatia |
||
| 250 | _a3rd ed. | ||
| 260 |
_aChennai: _bPearson, _c2023. |
||
| 300 | _a488 p | ||
| 942 |
_2ddc _cBK _h658.872 _iBHA/F _k658.872 _mBHA/F |
||
| 999 |
_c42021 _d42021 |
||